| 000 | 00456nam a22001457a 4500 | ||
|---|---|---|---|
| 082 |
_a346.0469516 _bEND _cD |
||
| 100 |
_aU.S Department of Interior _937797 |
||
| 245 |
_aEndangered species act of 1973 _cU.S Department of Interior |
||
| 260 |
_aWashington, D.C _bU.S Department of Interior _c1988 |
||
| 300 | _a45 p. : | ||
| 526 |
_a0 _b0 _c0 _d346_046951600000000_END |
||
| 650 |
_aMCE _9379 |
||
| 700 |
_aU.S Department of Interior _937797 |
||
| 942 |
_2ddc _cBK |
||
| 999 |
_c542577 _d542577 |
||